Movies Quiz

Random Movies Quiz

20 Movies: Chess (pictures) Quiz Stats

 Plays Quiz not verified by Sporcle

Score 0/20 Timer 06:00
0 Plays Today
No. Movie % Correct
16Harry Potter and the Philosopher's Stone
81.3%
15X-Men
71.4%
20Aladdin
67.9%
1Casablanca
65.5%
7Ray
60.8%
10Blazing Saddles
50.6%
11Independence Day
36.3%
9The Seventh Seal
33.6%
5Blade Runner
29.6%
2From Russia With Love
24%
No. Movie % Correct
14Bedazzled
20.1%
12The Great Escape
14%
18The Shawshank Redemption
8.2%
19The Silence of the Lambs
5.9%
3Revolver
5.6%
13The Thomas Crown Affair
5.5%
6The Luzhin Defense
5%
4Knight Moves
4.4%
17Lucky Number Slevin
3.8%
8The Killing
1.7%

You're not logged in!

Compare scores with friends on all Sporcle quizzes.
OR
Log In

Show Comments

Extras

Created Jun 21, 2011ReportNominate
Tags:chess, Image Quiz

Top Quizzes Today


Score Distribution

Your Account Isn't Verified!

In order to create a playlist on Sporcle, you need to verify the email address you used during registration. Go to your Sporcle Settings to finish the process.

Report this User

Report this user for behavior that violates our Community Guidelines.

Details: